000 00489nam a22001937a 4500
003 NUST - PNEC
005 20170116180825.0
008 150702b xxu||||| |||| 00| 0 eng d
020 _a0023660805
040 _cLIBRARY
082 _a515.2433 KOL
100 _94327
_aKolman, Bernard
245 _aElementary linear algebra.
_cBernard Kolman
250 _a4th ed
260 _aNew York
_bMacmillan USA
_cc1986
300 _a388 p. :
650 _94328
_aAlgebra
_xME
942 _2ddc
_cBK
999 _c63862
_d63862